| 000 | 00863nam a22002057a 4500 | ||
|---|---|---|---|
| 005 | 20111201161158.0 | ||
| 008 | 111201s2007 ua|||||r|||| 00| 0 ara d | ||
| 020 | _a9771748610 | ||
| 082 |
_222 _a364.131 _bع م ر |
||
| 100 |
_927978 _aالعمر، فاروق عمر |
||
| 245 |
_aالمؤامرات : _bحقائق أم نظريات؟ / _cفاروق عمر العمر. |
||
| 250 | _aط. 1. | ||
| 260 |
_aالقاهرة : _bفاروق عمر العمر، _c2007 |
||
| 300 |
_a327 ص. : _bخرائط ؛ _c24 سم. |
||
| 504 | _aيشتمل على إرجاعات ببليوجرافية : ص 317-327 | ||
| 650 |
_914872 _aالمؤامرات |
||
| 653 |
_bAra _cDecember2011 |
||
| 942 |
_2ddc _cBB |
||
| 999 |
_c16288 _d16288 |
||